[Event "Vienna op 14th"]
[Site "Vienna"]
[Date "2003.08.18"]
[Round "3"]
[White "Schoeber, Martin"]
[Black "Rausch, Stephan"]
[Result "1-0"]
[WhiteElo "2059"]
[BlackElo "2346"]
[PlyCount "101"]
[EventDate "2003.08.16"]
[EventType "swiss"]
[EventRounds "9"]
[EventCountry "AUT"]
[SourceTitle "CBM 095 Extra"]
[Source "ChessBase"]
[SourceDate "2003.09.04"]
[SourceVersion "1"]
[SourceVersionDate "2003.09.04"]
[SourceQuality "1"]

1. c4 e6 2. d4 d5 3. Nf3 Nf6 4. cxd5 exd5 5. Nc3 c6 6. Bg5 Be7 7. e3 Bg4 8. Be2 Nbd7 9. 0-0 0-0 10. h3 Bxf3 11. Bxf3 Re8 12. Qb3 Nb6 13. a4 a5 14. Bf4 Bb4 15. Rfd1 Ra7 16. Rac1 Nc8 17. Bb8 Ra8 18. Be5 Ra7 19. Rc2 Bd6 20. Bxd6 Nxd6 21. Ne2 Nfe4 22. Nf4 Ra6 23. Nd3 Qb6 24. Qa2 Raa8 25. b3 g6 26. Qa3 Kg7 27. Qb2 Re7 28. Bxe4 Nxe4 29. Rb1 Kg8 30. Qc1 Qc7 31. Qd1 f5 32. h4 Rf8 33. b4 axb4 34. Rxb4 Ra8 35. Qf3 Qd6 36. g3 Qf6 37. Rcb2 Ra7 38. Kg2 h5 39. Qf4 Qd6 40. Ne5 Kg7 41. a5 Qf6 42. Rb6 Nd6 43. a6 Rxa6 44. Rxa6 bxa6 45. Rb6 Rc7 46. Rxa6 Nb5 47. Rb6 Qe6 48. Qg5 Qd6 49. Rb8 Re7 50. Nxg6 Re6 51. Ne5+ 1-0